• 首页
  • 本馆介绍
  • 公告通知
  • 最新文献
  • 馆藏检索
  • 电子资源
  • 读者导购
  • 参考咨询
  • 我的图书馆
  • 登录
  • 详细信息显示
  • 放入我的书架
  • 预约/预借图书
  • 作者相关作品
  • 分类相关作品
  • 丛书相关作品
  • 出版社相关作品

书目信息

  • 表格格式
  • 工作单格式
  • 卡片格式
题名:
碱法制浆化学药品的回收
    
 
作者: Gerald Hough 主编 ;陈淑桃 译
分册:  
出版信息: 北京   中国轻工业出版社  1991.12
页数: 297页
开本: 20cm
丛书名:
单 册:
中图分类: TS75
科图分类:
主题词: 造纸--生产工艺 , 造纸
电子资源:
ISBN: 7-5019-1077-4
000 01246nam0 2200313 45
001 0192006576
005 20060519094908.15
010    @a7-5019-1077-4@dCNY10.90
020    @aCN@b92006576
092    @a科技255-121
100    @a19920727d1991 em y0chiy0121 ea
101 1  @achi@ceng
102    @aCN@b110000
105    @af z 000yy
200 10 @a碱法制浆化学药品的回收@Ajian fa zhi jiang hua xue yao pin de hui shou@f(美)Gerald Hough主编@F(mei)huo fu(Hough,Gerald)zhu bian@g陈淑桃等译
210    @a北京@c中国轻工业出版社@d1991.12
215    @a297页@c彩图@d20cm
300    @a著者原题无汉译名
300    @a书名原文:Chemical recovery in the alkaline pulping processes
330    @a本书共分6章,介绍了碱法制浆中化学药品的回收过程。论述了回收原理;黑液的蒸发与浓缩;黑液中化学药品的回收;蒸煮液制备绿液碳酸钠苛化以及石灰回收。
510 1  @aChemical recovery in the alkaline pulping processes@AChemical recovery in the alkaline pulping processes@zeng
540 1  @a碱法 制浆 化学药品 回收@Ajian fa zhi jiang hua xue yao pin hui shou
606 0  @a造纸@x生产工艺
606 0  @a造纸
690    @aTS75@v4
701  0 @aGerald Hough@4主编
702  0 @a陈淑桃@Achen shu tao@4译
801  0 @aCN@bNLC@c20060519
905    @dTS75@e6
    
    碱法制浆化学药品的回收/(美)Gerald Hough主编/陈淑桃等译.-北京:中国轻工业出版社,1991.12
    297页:彩图;20cm
    著者原题无汉译名.-书名原文:Chemical recovery in the alkaline pulping processes
    
    ISBN 7-5019-1077-4:CNY10.90
    本书共分6章,介绍了碱法制浆中化学药品的回收过程。论述了回收原理;黑液的蒸发与浓缩;黑液中化学药品的回收;蒸煮液制备绿液碳酸钠苛化以及石灰回收。
●
相关链接 在E读中查询图书 在五车中查询图书 在当当中查询图书 在豆瓣中查询图书


正题名:碱法制浆化学药品的回收     索取号:TS75/6         预约/预借

序号 登录号 条形码 馆藏地/架位号 状态 备注
1 0249729   001476708   第三借阅区/ [索取号:TS75/6] 在馆    
2 0249730   000701306   密集书库/ [索取号:TS75/6] 在馆    
3 0249731   001476762   第三借阅区/ [索取号:TS75/6] 在馆    
4 0249732   001479215   第二样本阅览室/ [索取号:TS75/6] 在馆    
5 0749731   1476762   第三借阅区/ [索取号:TS75/6] 在馆    
唐山师范学院图书馆 欢迎您!
大连网信软件有限公司© 版权所有